Cuaderno financiero (Registro nro. 170061)
[ vista simple ]
| 000 -LEADER | |
|---|---|
| fixed length control field | 01814nam a22002417a 4500 |
| 007 - PHYSICAL DESCRIPTION FIXED FIELD--GENERAL INFORMATION | |
| fixed length control field | cr|||| |||| |
| 008 - FIXED-LENGTH DATA ELEMENTS--GENERAL INFORMATION | |
| fixed length control field | 210702s2020 co |||||s|||| 00||0 spa d |
| 020 ## - INTERNATIONAL STANDARD BOOK NUMBER | |
| International Standard Book Number | 978-958-792-150-2 |
| 035 ## - | |
| -- | 33448 |
| 040 ## - CATALOGING SOURCE | |
| Original cataloging agency | vLex |
| 090 ## - | |
| -- | 11825 |
| -- | 11825 |
| 245 00 - TITLE STATEMENT | |
| Title | Cuaderno financiero |
| Medium | [Recurso electrónico] : |
| Remainder of title | Gestione sus ingresos y gastos |
| 256 ## - | |
| -- | Servicio en línea |
| 260 ## - PUBLICATION, DISTRIBUTION, ETC. (IMPRINT) | |
| Place of publication, distribution, etc | Bogotá: |
| Name of publisher, distributor, etc | Ediciones de la U, |
| Date of publication, distribution, etc | 2020 |
| 300 ## - PHYSICAL DESCRIPTION | |
| Extent | 1 recurso electrónico |
| 500 ## - GENERAL NOTE | |
| General note | ¿Alguna vez ha llegado a fin de mes y se ha preguntado dónde ha ido a parar su dinero? Probablemente sí, e incluso más de una vez. Para poner a raya sus finanzas y no perder el control, comience por anotar sus ingresos y gastos de manera organizada. De este modo, será más fácil hacer cálculos, analizar sus patrones de consumo y tomar decisiones acertadas. Incluso es probable que se lleve alguna sorpresa: muchas personas no tienen ni idea de cuánto gastan en ciertos artículos y, a veces, ver estos números negro sobre blanco da pie a hacer cambios que les ayuden a optimizar los ingresos de que disponen. Con la ayuda de este Cuaderno financiero le será más fácil lograr este objetivo. Aquí encontrará una manera sencilla y efectiva de administrar sus finanzas y no perder la pista de su dinero. |
| 506 1# - RESTRICTIONS ON ACCESS NOTE | |
| Terms governing access | Disponible solo en los productos indicados |
| Authorized users | vLex Global |
| -- | vLex Global (Academic Edition, excluding Law Schools) |
| -- | vLex Global (U.S. Academic Edition, Law Schools) |
| -- | vLex Global (U.S. Academic Edition, excluding Law Schools) |
| -- | vLex Global (Academic Edition, Law Schools) |
| 650 04 - SUBJECT ADDED ENTRY--TOPICAL TERM | |
| Topical term or geographic name as entry element | Banca y finanzas |
| Geographic subdivision | Colombia |
| 740 0# - | |
| -- | vLex Libros (Servicio en línea) |
| 856 40 - LOCALIZACIÓN Y ACCESO ELECTRÓNICO | |
| Identificador Uniforme del Recurso (URI/URL) | https://vlex.com/source/cuaderno-financiero-gestione-sus-ingresos-y-gastos-33448 |
| 942 ## - | |
| -- | RAA |
| 999 ## - | |
| -- | 170061 |
| -- | 170061 |
No hay ítems disponibles.